| 000 | 00555nam a2200193Ia 4500 | ||
|---|---|---|---|
| 003 | GCL | ||
| 008 | 140319s9999 xx 000 0 ara d | ||
| 040 |
_aGCL / _cGCL |
||
| 082 | 0 | 4 |
_a928 _bر ا |
| 100 | 1 | _aدرينى خشبة | |
| 245 | 1 | 0 |
_aعمالقة الادب العربى / _cدرينى خشبة |
| 700 | 1 | _aراسكو، برتون | |
| 700 | 1 | _aاحمد قاسم جودة | |
| 300 | _a434 ص | ||
| 490 |
_aالالف كتاب _v0 |
||
| 650 | 0 | 4 | _aالتراجم الادبية |
| 650 | 0 | 4 | _aالادباء الغربيون |
| 942 |
_2ddc _cBK |
||
| 999 |
_c43479 _d43479 |
||